000 00516cam a22002171 4500
001 sa 64001083
003 DLC
005 20260227112000.0
008 891010s1963 ii 000 0 hino
010 _asa 64001083
035 _a(OCoLC)20461895
040 _aDLC
_cWaU
_dDLC
042 _apremarc
050 0 0 _aPK2098.J269
_bP3 1963
100 1 _aJaina, Javāharalāla.
245 1 0 _aPadāvali.
260 _c[1963]
300 _a50 p.
_c18 cm.
500 _aIn Hindi.
700 1 _ajaina, Surendra Kumāra.
999 _c56561
_d56561